Yoga for women

Uloženo v:
Podrobná bibliografie
Hlavní autoři: Phelan, Nancy (Autor), Volin, Michael (Autor)
Médium: Kniha
Jazyk:angličtina
Vydáno: Londres Arrow Books Ltd. 1970
Témata:
Tagy: Přidat tag
Žádné tagy, Buďte první, kdo vytvoří štítek k tomuto záznamu!

MARC

LEADER 00000cam a2200000 a 4500
001 UCF5850
003 CL-VaPUC
008 130328e19700000UK |||||||||||||||||eng|d
020 |a 0099066009 
082 0 4 |a 201  |b PHE  |2 21 
100 0 |a Phelan, Nancy  |e author  |9 567828 
700 0 |a Volin, Michael  |e author  |9 567829 
245 1 0 |a Yoga for women 
300 |a 191 p 
942 |c BK 
945 |d 20130328 00:00:00  |a dcastane 
260 |a Londres  |b Arrow Books Ltd.  |c 1970 
650 0 |a Yoga   |9 312609 
650 0 |a Actividad física  |9 362156 
650 0 |a Acondicionamiento físico  |9 487594 
583 |a last modification  |c 20130328 10:53:00  |k Rodrigo Vera 
999 |c 351249  |d 351247 
952 |0 0  |1 0  |4 0  |6 201_000000000000000_PHE_1970  |7 0  |8 P  |9 455252  |a BIBEDU  |b BIBEDU  |c BIBEDU_PB  |d 2019-11-22  |i 4949307  |o 201 PHE 1970  |p 4949307  |r 2024-01-25  |w 2019-11-22  |y BK  |k EFI